<?xml version="1.0" encoding="UTF-8"?>
<record
    xmlns:xsi="http://www.w3.org/2001/XMLSchema-instance"
    xsi:schemaLocation="http://www.loc.gov/MARC21/slim http://www.loc.gov/standards/marcxml/schema/MARC21slim.xsd"
    xmlns="http://www.loc.gov/MARC21/slim">

  <leader>01510nam a22002057a 4500</leader>
  <controlfield tag="001">5748</controlfield>
  <controlfield tag="003">FISKH</controlfield>
  <controlfield tag="005">20250117111123.0</controlfield>
  <controlfield tag="008">250117b        cb ||||| |||| 00| 0 eng d</controlfield>
  <datafield tag="020" ind1=" " ind2=" ">
    <subfield code="a">9780008202163</subfield>
  </datafield>
  <datafield tag="040" ind1=" " ind2=" ">
    <subfield code="a">FISKH</subfield>
    <subfield code="b">eng</subfield>
    <subfield code="c">FISKH</subfield>
    <subfield code="d">FISKH</subfield>
  </datafield>
  <datafield tag="100" ind1=" " ind2=" ">
    <subfield code="a">Fraser, Leon</subfield>
  </datafield>
  <datafield tag="245" ind1=" " ind2=" ">
    <subfield code="a">Cambridge IGCSE physical education / </subfield>
    <subfield code="c">by Leon Fraser, Gareth Norman and Matthew Brown </subfield>
  </datafield>
  <datafield tag="260" ind1=" " ind2=" ">
    <subfield code="a">London : </subfield>
    <subfield code="b">HarperCollins Publishers ;</subfield>
    <subfield code="c">2017.</subfield>
  </datafield>
  <datafield tag="300" ind1=" " ind2=" ">
    <subfield code="a">277 pages : </subfield>
    <subfield code="b">color illustrations ;</subfield>
    <subfield code="c">27 cm . </subfield>
  </datafield>
  <datafield tag="520" ind1=" " ind2=" ">
    <subfield code="a">Collins Cambridge IGCSE&#xAE; PE is the only published course to offer comprehensive coverage of the Cambridge IGCSE&#xAE; PE syllabus. Consisting of a clear, colourful Student Book, a supportive Teacher's Guide and a digital component for reinforcement of key syllabus topics, the course enables students to deepen their understanding and build confidence. Exam Board: Cambridge Assessment International Education First teaching: 2017 First examination: 2019 Using the Student Book enables learners to * deepen knowledge and understanding through the clear and concise explanations given and the contexts selected * learn a range of skills, such as how to build self-awareness and how to reflect on their performance * review, record and evaluate their work * monitor their learning using the 'Learning Log' and 'Check your Progress' features This title is endorsed by Cambridge Assessment International Education.</subfield>
  </datafield>
  <datafield tag="700" ind1=" " ind2=" ">
    <subfield code="a">Schubert, Jan</subfield>
    <subfield code="e">editor </subfield>
  </datafield>
  <datafield tag="942" ind1=" " ind2=" ">
    <subfield code="2">ddc</subfield>
    <subfield code="c">BK</subfield>
    <subfield code="n">0</subfield>
  </datafield>
  <datafield tag="999" ind1=" " ind2=" ">
    <subfield code="c">5748</subfield>
    <subfield code="d">5748</subfield>
  </datafield>
  <datafield tag="952" ind1=" " ind2=" ">
    <subfield code="0">0</subfield>
    <subfield code="1">0</subfield>
    <subfield code="2">ddc</subfield>
    <subfield code="4">0</subfield>
    <subfield code="7">0</subfield>
    <subfield code="8">NFIC</subfield>
    <subfield code="a">001</subfield>
    <subfield code="b">001</subfield>
    <subfield code="c">SNS</subfield>
    <subfield code="d">2025-01-17</subfield>
    <subfield code="l">0</subfield>
    <subfield code="o">FRA </subfield>
    <subfield code="p">2025-0044</subfield>
    <subfield code="r">2025-01-17 11:10:14</subfield>
    <subfield code="w">2025-01-17</subfield>
    <subfield code="y">BK</subfield>
  </datafield>
</record>
